Baseball

Bibliographic Details
Main Author: Gregory, Paul
Format: Book
Published: London : Blandford , 1995
Series:Play the game
Subjects:

MARC

LEADER 00000cam a2200000 7i4500
001 0000016652
002 000018173
005 20080514.0
020 |a 0713724412 
090 0 0 |a 796.357   |b GRE 
100 1 |a Gregory, Paul 
245 1 0 |a Baseball   |c Paul Gregory 
260 |a London :   |b Blandford ,   |c 1995 
300 |a 80p. ;   |c 12cm. 
490 0 |a Play the game 
650 0 0 |a Baseball   |x Manuals 
999 |a 00069071   |b BUKU   |c PINJAMAN   |e PERPUSTAKAAN KOMUNITI PETALING JAYA 
999 |a 00069072   |b BUKU   |c PINJAMAN   |e PERPUSTAKAAN KOMUNITI PETALING JAYA